|
|
|
|
| LEADER |
00000nam0a2200000 4500 |
| 001 |
303520 |
| 005 |
20250131165605.0 |
| 035 |
|
|
|a (RuTPU)RU\TPU\book\328743
|
| 035 |
|
|
|a RU\TPU\book\303926
|
| 090 |
|
|
|a 303520
|
| 100 |
|
|
|a 20150903d1982 km y0rusy50 ca
|
| 101 |
0 |
|
|a rus
|
| 102 |
|
|
|a RU
|
| 105 |
|
|
|a a z 001zy
|
| 200 |
1 |
|
|a Конструктивные решения в гидроэнергостроительстве в сложных инженерно-геологических условиях на р. Сулак
|f Всесоюзный проектно-изыскательский и научно-исследовательский институт "ГИДРОПРОЕКТ" имени С. Я. Жука ; под ред. Ю. А. Григорьева
|
| 210 |
|
|
|a Москва
|c Изд-во Гидропроекта
|d 1982
|
| 215 |
|
|
|a 150 с.
|c ил.
|
| 225 |
1 |
|
|a Труды Гидропроекта
|v № 87
|
| 320 |
|
|
|a Библиогр. в конце ст.
|
| 500 |
1 |
0 |
|a Труды Гидропроекта
|9 88828
|
| 606 |
1 |
|
|a Гидроэлектрические станции
|x Проектирование
|2 stltpush
|3 (RuTPU)RU\TPU\subj\7138
|9 34858
|
| 610 |
1 |
|
|a гидроэнергетическое строительство
|
| 610 |
1 |
|
|a сложные горно-геологические условия
|
| 610 |
1 |
|
|a инженерно-геологические условия
|
| 610 |
1 |
|
|a конструктивные решения
|
| 610 |
1 |
|
|a гидроузлы
|
| 610 |
1 |
|
|a грунтовые плотины
|
| 610 |
1 |
|
|a туннели
|
| 610 |
1 |
|
|a ГЭС
|
| 610 |
1 |
|
|a Дагестан
|
| 675 |
|
|
|a 621.311.21.001.6
|v 3
|
| 702 |
|
1 |
|a Григорьев
|b Ю. А.
|4 340
|
| 712 |
0 |
2 |
|a Всесоюзный проектно-изыскательский и научно-исследовательский институт "ГИДРОПРОЕКТ" имени С. Я. Жука
|3 (RuTPU)RU\TPU\col\11545
|9 25169
|
| 801 |
|
1 |
|a RU
|b 63413507
|c 20150110
|
| 801 |
|
2 |
|a RU
|b 63413507
|c 20190703
|g RCR
|
| 942 |
|
|
|c BK
|